Technický naučný slovník 2. díl E-I

Enregistré dans:
Détails bibliographiques
Format: Livre
Langue:tchèque
Publié: Praha SNTL 1982
Édition:2. dopl. a opr. vyd.
Sujets:
Accès en ligne:Voir à l'OPAC
Tags: Ajouter un tag
Pas de tags, Soyez le premier à ajouter un tag!

MARC

LEADER 00000nam a2200000 a 4500
005 20260127134403.0
008 061213s1982 xo cze d
020 |c 120.00 
035 |a vtls008902074 
035 |a LMAOSK243 
039 9 |a 200809161055  |b mschk03  |c 200701071515  |d VLOAD  |y 200612271542  |z VLOAD 
040 |a LMAOSK  |b slo  |c LMAOSK  |d STUSCHK1 
041 0 |a cze 
080 |a 62(031) 
245 0 |a Technický naučný slovník  |b 2. díl E-I 
250 |a 2. dopl. a opr. vyd. 
260 |a Praha  |b SNTL  |c 1982 
300 |a 436 s. viaz. 
650 0 7 |a slovníky náučné technické  |2 LMAOSK 
910 |a lmaosk 
910 |a SCHK95 
999 |c 11522  |d 11522